The development of philippine literature in English (since 1900) (Record no. 11942)

MARC details
000 -LEADER
fixed length control field 00740nam a22002297i 4500
003 - CONTROL NUMBER IDENTIFIER
control field URS
005 - DATE AND TIME OF LATEST TRANSACTION
control field 20220117094937.0
008 - FIXED-LENGTH DATA ELEMENTS--GENERAL INFORMATION
fixed length control field 170722b xxu||||| |||| 00| 0 eng d
040 ## - CATALOGING SOURCE
Description conventions rda
Transcribing agency college
Language of cataloging eng
050 00 - LIBRARY OF CONGRESS CALL NUMBER
Classification number PS991
Item number C875 1975
100 1# - MAIN ENTRY--PERSONAL NAME
Personal name Croghan, Richard V.,
Relator term author
245 10 - TITLE STATEMENT
Title The development of philippine literature in English (since 1900)
Statement of responsibility, etc. Croghan, Richard V.
264 #1 - PRODUCTION, PUBLICATION, DISTRIBUTION, MANUFACTURE, AND COPYRIGHT NOTICE
Place of production, publication, distribution, manufacture Quezon City:
Name of producer, publisher, distributor, manufacturer Phoenix Publishing House, Incorporated,
Date of production, publication, distribution, manufacture, or copyright notice [1975]
264 #4 - PRODUCTION, PUBLICATION, DISTRIBUTION, MANUFACTURE, AND COPYRIGHT NOTICE
Date of production, publication, distribution, manufacture, or copyright notice ©1975
300 ## - PHYSICAL DESCRIPTION
Extent vii, 511 pages:
Dimensions 26 cm.
336 ## - CONTENT TYPE
Source rdacontent
Content type term text
338 ## - CARRIER TYPE
Source rdacarrier
Carrier type term volume
504 ## - BIBLIOGRAPHY, ETC. NOTE
Bibliography, etc. note Include Glossary and Index
650 ## - SUBJECT ADDED ENTRY--TOPICAL TERM
Source of heading or term Philippine literature (eng.)
650 ## - SUBJECT ADDED ENTRY--TOPICAL TERM
Source of heading or term History and Criticism
Geographic subdivision Philippines.
942 ## - ADDED ENTRY ELEMENTS (KOHA)
Source of classification or shelving scheme Library of Congress Classification
Koha item type Filipiniana
Holdings
Withdrawn status Source of classification or shelving scheme Damaged status Not for loan Home library Current library Shelving location Date acquired Total Checkouts Full call number Barcode Date last seen Price effective from Koha item type
  Library of Congress Classification     Rodriguez College Library Rodriguez College Library Reference 07/22/2017   PS991 C875 1975 URSROD-2284 07/22/2017 07/22/2017 Filipiniana

University of Rizal System
Email us at univlibservices@urs.edu.ph

Visit our Website www.urs.edu.ph/library